Online
Catalog

Experiencias políticas de los cubanos en la cuba española:1512-1898 / (Record no. 39265)

MARC details
000 -CABECERA
campo de control de longitud fija 00617nam a2200181 a 4500
001 - NÚMERO DE CONTROL
campo de control 000039775
005 - FECHA Y HORA DE LA ÚLTIMA TRANSACCIÓN
campo de control 20201002033728.0
008 - DATOS DE LONGITUD FIJA--INFORMACIÓN GENERAL
campo de control de longitud fija 130719s200u sp a 000 0 spa d
020 ## - NÚMERO INTERNACIONAL ESTÁNDAR DEL LIBRO
Número Internacional Estándar del Libro 8485202716
040 ## - FUENTE DE LA CATALOGACIÓN
Centro catalogador/agencia de origen DO-SdBNP
Lengua de catalogación spa
Centro/agencia transcriptor BNPHU
082 ## - NÚMERO DE LA CLASIFICACIÓN DECIMAL DEWEY
Número de clasificación xxx
100 1# - ENTRADA PRINCIPAL--NOMBRE DE PERSONA
Nombre de persona Tarragó, Rafael E.
9 (RLIN) 63639
245 10 - MENCIÓN DE TÍTULO
Título Experiencias políticas de los cubanos en la cuba española:1512-1898 /
Mención de responsabilidad, etc. Rafael E. Tarragó.
260 ## - PUBLICACIÓN, DISTRIBUCIÓN, ETC.
Lugar de publicación, distribución, etc. Barcelona, España :
Nombre del editor, distribuidor, etc. Puvill Libros,
Fecha de publicación, distribución, etc. [s. f.].
300 ## - DESCRIPCIÓN FÍSICA
Extensión 260 p. :
Otras características físicas il. ;
Dimensiones 22 cm.
490 1# - MENCIÓN DE SERIE
Mención de serie Historia y cultura de Hispanoamerica
Designación de volumen o secuencia 2
830 #0 - PUNTO DE ACCESO ADICIONAL DE SERIE-TÍTULO UNIFORME
Título uniforme Historia y cultura de Hispanoamerica
Designación de volumen o secuencia 2
9 (RLIN) 65970
Holdings
Estado de retiro Estado de pérdida Restricciones de uso No para préstamo Código de colección Localización permanente Ubicación/localización actual Ubicación en estantería Fecha de adquisición Número de inventario Total de préstamos Signatura topográfica completa Código de barras Fecha visto por última vez Precio válido a partir de Tipo de ítem Koha
      Excluido de préstamo Monografías: Libros y Folletos General General En catalogación 19.07.2013 LF1   xxx 39775-10 25.06.2020 25.06.2020 No se presta

Powered by Koha